[Event "Faaker See op 27th"]
[Site "Latschach (13.8.-20.8)"]
[Date "2011.08.13"]
[Round "1.2"]
[White "Rotstein, Arkadij"]
[Black "Cosan, Gokmen"]
[Result "1-0"]
[WhiteElo "2479"]
[BlackElo "1896"]
[PlyCount "80"]
[EventDate "2011.08.13"]
[EventType "swiss"]
[EventRounds "9"]
[EventCountry "AUT"]
[WhiteTeam "Porz SG"]
[BlackTeam "TUR (Türkei)"]
[WhiteTeamCountry "GER"]
[BlackTeamCountry "TUR"]

1. e4 e6 2. d3 d5 3. Qe2 Nf6 4. Nf3 Be7 5. g3 O-O 6. Bg2 Nc6 7. e5 Nd7 8. O-O
f6 9. exf6 Nxf6 10. Bf4 Nh5 11. Bd2 Nf6 12. Nc3 Bd6 13. d4 a6 14. Rad1 Qe8 15.
Rfe1 Qh5 16. Bc1 h6 17. Ne5 Qxe2 18. Rxe2 Bxe5 19. dxe5 Nd7 20. f4 Nb6 21. Be3
Nc4 22. Bc5 Re8 23. b3 Nb2 24. Rdd2 Na5 25. Bb4 b6 26. Nxd5 exd5 27. Bxd5+ Be6
28. Bxa8 Rxa8 29. Bxa5 bxa5 30. c3 Nc4 31. bxc4 Bxc4 32. Re4 Be6 33. Red4 Ra7
34. Rb2 Kf7 35. Kf2 Ke7 36. a3 Bd7 37. Rb8 a4 38. Ke3 a5 39. Rg8 Kf7 40. Rxg7+
Kxg7 1-0

[Event "Faaker See op 27th"]
[Site "Latschach (13.8.-20.8)"]
[Date "2011.08.13"]
[Round "1.3"]
[White "Krajnik, Josef"]
[Black "Stopa, Jacek"]
[Result "0-1"]
[WhiteElo "1891"]
[BlackElo "2474"]
[PlyCount "42"]
[EventDate "2011.08.13"]
[EventType "swiss"]
[EventRounds "9"]
[EventCountry "AUT"]
[WhiteTeam "AUT (Österreich)"]
[BlackTeam "POL (Polen)"]
[WhiteTeamCountry "AUT"]
[BlackTeamCountry "POL"]

1. e4 e6 2. Nc3 c5 3. Bc4 Nc6 4. Nf3 a6 5. a3 Nf6 6. d4 cxd4 7. Nxd4 Qc7 8.
Nxc6 bxc6 9. Qe2 Bd6 10. h3 O-O 11. Bg5 Be5 12. O-O h6 13. Bd2 d5 14. exd5 exd5
15. Bd3 Bb7 16. Rae1 Bd6 17. Qf3 d4 18. Qf5 Bc8 19. Nd5 Bxf5 20. Nxc7 Bxd3 21.
Nxa8 Bxf1 0-1

[Event "Faaker See op 27th"]
[Site "Latschach (13.8.-20.8)"]
[Date "2011.08.13"]
[Round "1.4"]
[White "Okhotnik, Vladimir"]
[Black "Kuespert, Erwin"]
[Result "1-0"]
[WhiteElo "2455"]
[BlackElo "1791"]
[PlyCount "93"]
[EventDate "2011.08.13"]
[EventType "swiss"]
[EventRounds "9"]
[EventCountry "AUT"]
[WhiteTeam "FRA (Frankreich)"]
[BlackTeam "Schaibing-DJK SV"]
[WhiteTeamCountry "FRA"]
[BlackTeamCountry "GER"]

1. e4 g6 2. d4 Bg7 3. Nf3 d6 4. Nc3 Nf6 5. Be2 O-O 6. O-O Bg4 7. h3 Bxf3 8.
Bxf3 Nc6 9. Nb5 a6 10. Na3 e5 11. c3 Nd7 12. Nc2 f5 13. exf5 gxf5 14. dxe5
Ndxe5 15. Bd5+ Kh8 16. f4 Nd7 17. Qf3 Nf6 18. Bxc6 bxc6 19. Qxc6 Ne4 20. Be3
Rb8 21. Rab1 Rg8 22. Nd4 Qc8 23. Qd5 Rf8 24. g4 Nf6 25. Qxf5 Qxf5 26. Nxf5 Nd5
27. Bd2 Rfe8 28. Rfe1 Kg8 29. Rxe8+ Rxe8 30. Kf2 Nf6 31. Be3 Bf8 32. c4 c6 33.
Kf3 Rb8 34. Bd4 Kf7 35. b3 d5 36. Bxf6 Kxf6 37. cxd5 cxd5 38. Rc1 Rb6 39. Rc7
h6 40. h4 a5 41. Nd4 Rb4 42. g5+ Kg6 43. Ne6 Rb8 44. Kg4 h5+ 45. Kf3 Re8 46.
Nd4 Re4 47. f5# 1-0

[Event "Faaker See op 27th"]
[Site "Latschach (13.8.-20.8)"]
[Date "2011.08.13"]
[Round "1.5"]
[White "Peierl, Walter"]
[Black "Hresc, Vladimir"]
[Result "0-1"]
[WhiteElo "1883"]
[BlackElo "2408"]
[PlyCount "88"]
[EventDate "2011.08.13"]
[EventType "swiss"]
[EventRounds "9"]
[EventCountry "AUT"]
[WhiteTeam "AUT (Österreich)"]
[BlackTeam "CRO (Kroatien)"]
[WhiteTeamCountry "AUT"]
[BlackTeamCountry "CRO"]

1. e4 e5 2. Nf3 Nc6 3. Bc4 Bc5 4. c3 Nf6 5. d3 a6 6. b4 Ba7 7. Bg5 h6 8. Bh4 d6
9. Nbd2 Be6 10. a4 g5 11. Bg3 a5 12. b5 Ne7 13. Qb3 Qd7 14. Rd1 Ng6 15. d4 exd4
16. Nxd4 Bxd4 17. cxd4 d5 18. exd5 Bxd5 19. O-O O-O 20. Be5 Bxc4 21. Qxc4 Ne8
22. Ne4 Kh7 23. Rd3 b6 24. Rfd1 f6 25. Bg3 f5 26. Nxg5+ hxg5 27. Be5 g4 28. h3
Rc8 29. hxg4 fxg4 30. Qc2 Qf5 31. Bg3 Rf7 32. Re1 Ng7 33. Qb1 Re8 34. Rxe8 Nxe8
35. Qd1 Nd6 36. f3 Nf4 37. Re3 Ng6 38. fxg4 Qd5 39. Qd3 Qc4 40. Qd1 Re7 41. Rf3
Ne4 42. Bh2 Nc3 43. Rh3+ Kg8 44. Rxc3 Qxc3 0-1

[Event "Faaker See op 27th"]
[Site "Latschach (13.8.-20.8)"]
[Date "2011.08.13"]
[Round "1.6"]
[White "Mladenov, Plamen"]
[Black "Oezdogan, Abdullah"]
[Result "1-0"]
[WhiteElo "2107"]
[BlackElo "2033"]
[PlyCount "59"]
[EventDate "2011.08.13"]
[EventType "swiss"]
[EventRounds "9"]
[EventCountry "AUT"]
[WhiteTeam "BUL (Bulgarien)"]
[BlackTeam "TUR (Türkei)"]
[WhiteTeamCountry "BUL"]
[BlackTeamCountry "TUR"]

1. d4 d5 2. Nf3 Nf6 3. c4 e6 4. Nc3 Be7 5. Bg5 O-O 6. e3 h6 7. Bf4 c6 8. Qc2
Nbd7 9. O-O-O Qa5 10. Kb1 dxc4 11. Bxc4 b5 12. Bd3 Nd5 13. Nxd5 cxd5 14. Qc6
Nb6 15. Qxb5 Qxb5 16. Bxb5 Bb7 17. Rc1 Rfc8 18. Ne5 a6 19. Nd7 axb5 20. Nxb6
Rxc1+ 21. Rxc1 Ra6 22. Nd7 Rc6 23. Rxc6 Bxc6 24. Ne5 Be8 25. Kc2 f6 26. Nd3 Kf7
27. Bc7 Bc6 28. Kc3 Ke8 29. Bb6 Kd7 30. Bc5 1-0

[Event "Faaker See op 27th"]
[Site "Latschach (13.8.-20.8)"]
[Date "2011.08.13"]
[Round "1.8"]
[White "Kukov, Velislav"]
[Black "Melcher, Jakob"]
[Result "1-0"]
[WhiteElo "2377"]
[BlackElo "1868"]
[PlyCount "93"]
[EventDate "2011.08.13"]
[EventType "swiss"]
[EventRounds "9"]
[EventCountry "AUT"]
[WhiteTeam "BUL (Bulgarien)"]
[BlackTeam "AUT (Österreich)"]
[WhiteTeamCountry "BUL"]
[BlackTeamCountry "AUT"]

1. d4 Nf6 2. Bg5 d5 3. Bxf6 exf6 4. e3 Bd6 5. c4 c6 6. cxd5 Bb4+ 7. Nc3 Qxd5 8.
Nge2 Be6 9. a3 Bxc3+ 10. Nxc3 Qb3 11. Qxb3 Bxb3 12. Ne4 b6 13. Rc1 O-O 14. Bd3
Bd5 15. O-O f5 16. Ng3 g6 17. Ne2 Nd7 18. Nf4 Nf6 19. Nxd5 cxd5 20. Rc7 Rfc8
21. Rfc1 Rxc7 22. Rxc7 Kg7 23. Bb5 a6 24. Bc6 Rb8 25. Kf1 g5 26. Ke2 h5 27. Ba4
b5 28. Bc2 f4 29. exf4 Re8+ 30. Kd2 Ne4+ 31. Bxe4 Rxe4 32. Kd3 Rxf4 33. f3 h4
34. h3 Rf6 35. Rd7 Rf5 36. Rd6 g4 37. hxg4 h3 38. gxh3 Rxf3+ 39. Kd2 Rxh3 40.
Rxa6 Rg3 41. Rd6 Rxg4 42. Rxd5 Kg6 43. Kc3 f5 44. Rxb5 f4 45. Kd3 f3 46. Ke3
Rf4 47. Kf2 1-0

[Event "Faaker See op 27th"]
[Site "Latschach (13.8.-20.8)"]
[Date "2011.08.13"]
[Round "1.9"]
[White "Sorge, Sven"]
[Black "Schnider, Gert"]
[Result "0-1"]
[WhiteElo "1867"]
[BlackElo "2375"]
[PlyCount "40"]
[EventDate "2011.08.13"]
[EventType "swiss"]
[EventRounds "9"]
[EventCountry "AUT"]
[WhiteTeam "AUT (Österreich)"]
[BlackTeam "AUT (Österreich)"]
[WhiteTeamCountry "AUT"]
[BlackTeamCountry "AUT"]

1. d4 Nf6 2. e3 c5 3. f4 d6 4. Nf3 Nbd7 5. c4 g6 6. Nc3 Bg7 7. Be2 O-O 8. d5 a6
9. O-O Qc7 10. Rb1 e6 11. Ng5 exd5 12. Nxd5 Nxd5 13. cxd5 Nf6 14. Bf3 Re8 15.
Qe2 Bf5 16. Ra1 c4 17. Qd2 h6 18. Nh3 Ne4 19. Bxe4 Bxe4 20. Nf2 c3 0-1

[Event "Faaker See op 27th"]
[Site "Latschach (13.8.-20.8)"]
[Date "2011.08.13"]
[Round "1.10"]
[White "Kern, Guido"]
[Black "Serhun, Haluk Ramon"]
[Result "1-0"]
[WhiteElo "2299"]
[BlackElo "1866"]
[PlyCount "72"]
[EventDate "2011.08.13"]
[EventType "swiss"]
[EventRounds "9"]
[EventCountry "AUT"]
[WhiteTeam "Dinslaken SV"]
[BlackTeam "TUR (Türkei)"]
[WhiteTeamCountry "GER"]
[BlackTeamCountry "TUR"]

1. Nf3 Nf6 2. g3 g6 3. b3 Bg7 4. Bb2 d5 5. c4 dxc4 6. bxc4 c6 7. Bg2 Qb6 8. Qb3
Qxb3 9. axb3 O-O 10. O-O Nbd7 11. d4 e6 12. Nbd2 a6 13. h3 Re8 14. e4 e5 15.
Nxe5 Nxe5 16. dxe5 Nd7 17. f4 b5 18. b4 Nb6 19. c5 Na4 20. Rxa4 bxa4 21. Nc4
Be6 22. Nd6 Red8 23. Bc3 Bf8 24. f5 Bb3 25. h4 Rab8 26. Ra1 Bxd6 27. exd6 a5
28. bxa5 Rb5 29. e5 gxf5 30. a6 Rxc5 31. Bd4 Rc2 32. Bb6 Ra8 33. d7 Rd2 34.
d8=Q+ Raxd8 35. Bxd8 Rxd8 36. Bxc6 Rc8 1-0

[Event "Faaker See op 27th"]
[Site "Latschach (13.8.-20.8)"]
[Date "2011.08.13"]
[Round "1.11"]
[White "Sommerbauer, Adolf"]
[Black "Riemelmoser, Franz Dr"]
[Result "0-1"]
[WhiteElo "1866"]
[BlackElo "2308"]
[PlyCount "48"]
[EventDate "2011.08.13"]
[EventType "swiss"]
[EventRounds "9"]
[EventCountry "AUT"]
[WhiteTeam "AUT (Österreich)"]
[BlackTeam "Simbach SC"]
[WhiteTeamCountry "AUT"]
[BlackTeamCountry "GER"]

1. e4 e6 2. c4 d5 3. e5 dxc4 4. Nf3 b5 5. a4 c6 6. axb5 cxb5 7. Nc3 Qb6 8. d4
Bb7 9. Be3 Nh6 10. Be2 Nf5 11. O-O Bb4 12. Qc2 O-O 13. Na2 Be7 14. Nc3 Nc6 15.
Qd2 Rad8 16. Rfd1 Rd7 17. g4 Nxe3 18. fxe3 Kh8 19. Rf1 f6 20. exf6 Bxf6 21. Ng5
Nxd4 22. Rxf6 Nxe2+ 23. Nxe2 Rxf6 24. Nd4 h6 0-1

[Event "Faaker See op 27th"]
[Site "Latschach (13.8.-20.8)"]
[Date "2011.08.13"]
[Round "1.13"]
[White "Knollmueller, Peter"]
[Black "Van Ginkel, Pieter"]
[Result "0-1"]
[WhiteElo "1854"]
[BlackElo "2244"]
[PlyCount "57"]
[EventDate "2011.08.13"]
[EventType "swiss"]
[EventRounds "9"]
[EventCountry "AUT"]
[WhiteTeam "Töging SK"]
[BlackTeam "Nürnberg-Süd SW"]
[WhiteTeamCountry "GER"]
[BlackTeamCountry "GER"]

1. d4 d5 2. c4 e6 3. Nc3 c5 4. cxd5 exd5 5. Nf3 Nc6 6. e3 Nf6 7. Bb5 Bd6 8.
dxc5 Bxc5 9. Bxc6+ bxc6 10. Qa4 Qd6 11. O-O O-O 12. Qh4 Rb8 13. a3 a5 14. Ne2
Bd7 15. Ned4 Bb6 16. b4 Rfe8 17. Bd2 Ne4 18. Ng5 Nxd2 19. Qxh7+ Kf8 20. Qh8+
Ke7 21. Qxg7 Qf6 22. Qxf6+ Kxf6 23. Rfd1 Bxd4 24. exd4 Nb3 25. Rab1 a4 26. h4
Re2 27. Nf3 Bf5 28. Kf1 Ra2 29. Ne5 0-1

[Event "Faaker See op 27th"]
[Site "Latschach (13.8.-20.8)"]
[Date "2011.08.13"]
[Round "1.14"]
[White "Wertjanz, David"]
[Black "Zefi, Xhon"]
[Result "1-0"]
[WhiteElo "2234"]
[BlackElo "1862"]
[PlyCount "63"]
[EventDate "2011.08.13"]
[EventType "swiss"]
[EventRounds "9"]
[EventCountry "AUT"]
[WhiteTeam "AUT (Österreich)"]
[BlackTeam "ALB (Albanien)"]
[WhiteTeamCountry "AUT"]
[BlackTeamCountry "ALB"]

1. e4 e5 2. Nf3 Nc6 3. Bb5 a6 4. Ba4 Bc5 5. O-O Nge7 6. c3 O-O 7. d4 exd4 8.
cxd4 Ba7 9. d5 Na5 10. Bc2 d6 11. b3 b5 12. Bb2 Bg4 13. Qd2 Bxf3 14. Qxa5 Bh5
15. Qc3 f6 16. Nd2 Ng6 17. Qg3 Ne5 18. Kh1 Qe8 19. f4 Ng4 20. Rae1 Qg6 21. h3
Nh6 22. Qxg6 Bxg6 23. f5 Be8 24. Bd3 Nf7 25. Nf3 Ne5 26. Bxe5 dxe5 27. Rc1 Bb6
28. Rc2 Bd7 29. Be2 Rac8 30. Rd1 Rfd8 31. a3 Kf7 32. Ne1 1-0

[Event "Faaker See op 27th"]
[Site "Latschach (13.8.-20.8)"]
[Date "2011.08.13"]
[Round "1.15"]
[White "Scharler, Walter"]
[Black "Barthel, Ansgar"]
[Result "0-1"]
[WhiteElo "1853"]
[BlackElo "2199"]
[PlyCount "63"]
[EventDate "2011.08.13"]
[EventType "swiss"]
[EventRounds "9"]
[EventCountry "AUT"]
[WhiteTeam "AUT (Österreich)"]
[BlackTeam "Pirmasens SC"]
[WhiteTeamCountry "AUT"]
[BlackTeamCountry "GER"]

1. Nf3 g6 2. d3 Bg7 3. e4 c5 4. Nbd2 Nc6 5. c3 e5 6. Be2 Nge7 7. O-O O-O 8. a3
d5 9. exd5 Nxd5 10. Ne4 b6 11. Bg5 f6 12. Be3 f5 13. Bg5 Qd7 14. Ng3 f4 15. Ne4
h6 16. Bh4 g5 17. Nfxg5 hxg5 18. Bxg5 Nd8 19. Bf3 Bb7 20. Qe2 Nf7 21. Bg4 Qc6
22. Bf3 Qg6 23. Bh5 Qe6 24. Bg4 Qe8 25. Bf3 Nxg5 26. Nxg5 Qe7 27. Ne4 Rad8 28.
Nd2 Ba6 29. Be4 Nf6 30. Bg6 Rd6 31. Ne4 Nxe4 32. Bxe4 0-1

[Event "Faaker See op 27th"]
[Site "Latschach (13.8.-20.8)"]
[Date "2011.08.13"]
[Round "1.16"]
[White "Keller, Manfred(45)"]
[Black "Rachbauer, Alois"]
[Result "1-0"]
[WhiteElo "2170"]
[BlackElo "1849"]
[PlyCount "53"]
[EventDate "2011.08.13"]
[EventType "swiss"]
[EventRounds "9"]
[EventCountry "AUT"]
[WhiteTeam "Pang/Rosenheim SGem"]
[BlackTeam "AUT (Österreich)"]
[WhiteTeamCountry "GER"]
[BlackTeamCountry "AUT"]

1. e4 e6 2. d4 d5 3. Nc3 Bb4 4. e5 c5 5. Qg4 Ne7 6. dxc5 Bxc3+ 7. bxc3 Ng6 8.
Nf3 Nc6 9. Bb5 Qa5 10. Qb4 Qxb4 11. cxb4 O-O 12. Bxc6 bxc6 13. O-O a5 14. c3
Ba6 15. Re1 Bc4 16. Nd4 axb4 17. cxb4 Rfc8 18. a4 Ne7 19. g4 Ra6 20. Bg5 Ng6
21. b5 cxb5 22. axb5 Rxa1 23. Rxa1 h6 24. b6 Kh7 25. b7 Rb8 26. c6 hxg5 27. Ra8
1-0

[Event "Faaker See op 27th"]
[Site "Latschach (13.8.-20.8)"]
[Date "2011.08.13"]
[Round "1.18"]
[White "Gallob, Alois"]
[Black "Fiala, Vaclav"]
[Result "0-1"]
[WhiteElo "1838"]
[BlackElo "2162"]
[PlyCount "52"]
[EventDate "2011.08.13"]
[EventType "swiss"]
[EventRounds "9"]
[EventCountry "AUT"]
[WhiteTeam "AUT (Österreich)"]
[BlackTeam "CZE (Tschechien)"]
[WhiteTeamCountry "AUT"]
[BlackTeamCountry "CZE"]

1. Nf3 d6 2. e4 g6 3. g3 Bg7 4. Bg2 e5 5. d3 Nc6 6. c3 Nf6 7. Nbd2 O-O 8. O-O
Nh5 9. Nc4 Be6 10. Ne3 Qc8 11. Re1 Bh3 12. Bh1 h6 13. Nh4 Kh7 14. Bf3 Nf6 15.
g4 Qd8 16. Neg2 Ng8 17. Nf5 gxf5 18. gxf5 Bxg2 19. Kxg2 Bf6 20. Be3 Bg5 21. Qe2
Bxe3 22. fxe3 Qh4 23. Rg1 Nf6 24. Kh1 Rg8 25. Rxg8 Rxg8 26. Rg1 Ne7 0-1

[Event "Faaker See op 27th"]
[Site "Latschach (13.8.-20.8)"]
[Date "2011.08.13"]
[Round "1.20"]
[White "Niedermeier, Thomas(90)"]
[Black "Orsario, Wolfgang"]
[Result "1-0"]
[WhiteElo "2165"]
[BlackElo "1837"]
[PlyCount "35"]
[EventDate "2011.08.13"]
[EventType "swiss"]
[EventRounds "9"]
[EventCountry "AUT"]
[WhiteTeam "Ilmmünster SV"]
[BlackTeam "AUT (Österreich)"]
[WhiteTeamCountry "GER"]
[BlackTeamCountry "AUT"]

1. e4 c5 2. Nf3 d6 3. d4 cxd4 4. Nxd4 Nf6 5. Nc3 g6 6. Be3 Bg7 7. f3 a6 8. Qd2
O-O 9. O-O-O b5 10. Nd5 Nxd5 11. exd5 Qc7 12. Bh6 Bb7 13. h4 Nd7 14. h5 Nf6 15.
hxg6 Bxh6 16. Qxh6 Rac8 17. Bd3 Bxd5 18. Nf5 1-0

[Event "Faaker See op 27th"]
[Site "Latschach (13.8.-20.8)"]
[Date "2011.08.13"]
[Round "1.21"]
[White "Sanzani, Pierluigi"]
[Black "Trevisan, Luigi"]
[Result "1/2-1/2"]
[WhiteElo "1820"]
[BlackElo "2147"]
[PlyCount "67"]
[EventDate "2011.08.13"]
[EventType "swiss"]
[EventRounds "9"]
[EventCountry "AUT"]
[WhiteTeam "ITA (Italien)"]
[BlackTeam "ITA (Italien)"]
[WhiteTeamCountry "ITA"]
[BlackTeamCountry "ITA"]

1. e4 g6 2. d4 Bg7 3. Nc3 d6 4. Be3 c6 5. Qd2 Nd7 6. h4 h5 7. Nh3 b5 8. f3 Nb6
9. Nf2 Nf6 10. Bd3 Nc4 11. Bxc4 bxc4 12. O-O-O Rb8 13. Rdg1 Qb6 14. Ncd1 Qb4
15. Qxb4 Rxb4 16. Nc3 Nd7 17. a3 Rb6 18. Nfd1 Ba6 19. g4 e6 20. gxh5 Rxh5 21.
Rg5 Rxg5 22. hxg5 Kf8 23. f4 d5 24. e5 Kg8 25. Nf2 Rb8 26. Na4 Bf8 27. Ng4 Rd8
28. Bd2 Bb5 29. Ba5 Rc8 30. Nc3 Ba6 31. Na4 c3 32. b4 Be2 33. Rg1 Bf3 34. Nxc3
1/2-1/2

[Event "Faaker See op 27th"]
[Site "Latschach (13.8.-20.8)"]
[Date "2011.08.13"]
[Round "1.22"]
[White "Saathoff, Richard"]
[Black "Kummer, Heinz"]
[Result "1-0"]
[WhiteElo "2111"]
[BlackElo "1819"]
[PlyCount "61"]
[EventDate "2011.08.13"]
[EventType "swiss"]
[EventRounds "9"]
[EventCountry "AUT"]
[WhiteTeam "Nürnberg-Süd SW"]
[BlackTeam "AUT (Österreich)"]
[WhiteTeamCountry "GER"]
[BlackTeamCountry "AUT"]

1. e4 c5 2. Nf3 Nc6 3. d4 cxd4 4. Nxd4 e6 5. Nb5 d6 6. c4 a6 7. N5c3 Nf6 8. Be2
Be7 9. O-O O-O 10. Be3 Qc7 11. Nd2 b6 12. Rc1 Nd7 13. Nd5 Qd8 14. Nxe7+ Qxe7
15. Nf3 Bb7 16. Bd3 Rac8 17. Bb1 f6 18. Qb3 Qd8 19. Rfd1 Qc7 20. Qa3 Nde5 21.
Qxd6 Nxf3+ 22. gxf3 Qxd6 23. Rxd6 Ne5 24. Rxb6 Ba8 25. Rxa6 Nxc4 26. Rxa8 Rxa8
27. Rxc4 Rfd8 28. Bc2 Rac8 29. Bb3 Rxc4 30. Bxc4 Kf7 31. f4 1-0

[Event "Faaker See op 27th"]
[Site "Latschach (13.8.-20.8)"]
[Date "2011.08.14"]
[Round "2.1"]
[White "Malakhatko, Vadim"]
[Black "Siefert, Ulrich"]
[Result "1-0"]
[WhiteElo "2546"]
[BlackElo "1986"]
[PlyCount "43"]
[EventDate "2011.08.13"]
[EventType "swiss"]
[EventRounds "9"]
[EventCountry "AUT"]
[WhiteTeam "FRA (Frankreich)"]
[BlackTeam "Pirmasens SC"]
[WhiteTeamCountry "FRA"]
[BlackTeamCountry "GER"]

1. d4 d5 2. c4 e6 3. Nf3 c6 4. Qc2 Nf6 5. g3 Nbd7 6. Bg2 Bd6 7. O-O O-O 8. b3
b6 9. cxd5 cxd5 10. Qc6 Qc7 11. Qxc7 Bxc7 12. Ba3 Re8 13. Rc1 Bd8 14. Nc3 a6
15. Nd2 Bb7 16. e4 Kh8 17. e5 Ng8 18. Nc4 dxc4 19. Bxb7 Ra7 20. Bg2 cxb3 21.
axb3 Rc7 22. Bd6 1-0

[Event "Faaker See op 27th"]
[Site "Latschach (13.8.-20.8)"]
[Date "2011.08.14"]
[Round "2.2"]
[White "Erlbeck, Peter"]
[Black "Rotstein, Arkadij"]
[Result "0-1"]
[WhiteElo "2096"]
[BlackElo "2479"]
[PlyCount "48"]
[EventDate "2011.08.13"]
[EventType "swiss"]
[EventRounds "9"]
[EventCountry "AUT"]
[WhiteTeam "Nürnberg-Süd SW"]
[BlackTeam "Porz SG"]
[WhiteTeamCountry "GER"]
[BlackTeamCountry "GER"]

1. e4 c5 2. Nc3 Nc6 3. f4 e6 4. Nf3 d5 5. Bb5 Nge7 6. Qe2 dxe4 7. Nxe4 a6 8.
Bxc6+ Nxc6 9. d3 Be7 10. Be3 b6 11. O-O O-O 12. Rad1 Bb7 13. c3 Qd5 14. c4 Qh5
15. Ng3 Qg4 16. d4 Rad8 17. dxc5 bxc5 18. Qf2 Rxd1 19. Rxd1 Nd4 20. Bxd4 cxd4
21. h3 Qxf4 22. Ne2 Qc7 23. Nexd4 Qxc4 24. b3 Qd5 0-1

[Event "Faaker See op 27th"]
[Site "Latschach (13.8.-20.8)"]
[Date "2011.08.14"]
[Round "2.3"]
[White "Stopa, Jacek"]
[Black "Privitera, Franco"]
[Result "1-0"]
[WhiteElo "2474"]
[BlackElo "2083"]
[PlyCount "59"]
[EventDate "2011.08.13"]
[EventType "swiss"]
[EventRounds "9"]
[EventCountry "AUT"]
[WhiteTeam "POL (Polen)"]
[BlackTeam "ITA (Italien)"]
[WhiteTeamCountry "POL"]
[BlackTeamCountry "ITA"]

1. e4 e6 2. d4 d5 3. Nc3 Bb4 4. e5 b6 5. Qg4 Bf8 6. Nf3 Qd7 7. Nb5 Ne7 8. Bd3
Nf5 9. Qf4 Ba6 10. a4 c6 11. g4 Nh6 12. Nc3 Bxd3 13. cxd3 Na6 14. a5 Nb4 15.
Ke2 b5 16. Na2 Na6 17. Bd2 c5 18. dxc5 Bxc5 19. Rad1 O-O 20. Qg3 Kh8 21. Qh4 f6
22. Bxh6 gxh6 23. exf6 e5 24. Qxh6 e4 25. Ne5 exd3+ 26. Kxd3 Qb7 27. Ng6+ Kg8
28. Ne7+ Kf7 29. Qg7+ Ke6 30. Rhe1+ 1-0

[Event "Faaker See op 27th"]
[Site "Latschach (13.8.-20.8)"]
[Date "2011.08.14"]
[Round "2.4"]
[White "Schieder, Josef"]
[Black "Okhotnik, Vladimir"]
[Result "0-1"]
[WhiteElo "2069"]
[BlackElo "2455"]
[PlyCount "102"]
[EventDate "2011.08.13"]
[EventType "swiss"]
[EventRounds "9"]
[EventCountry "AUT"]
[WhiteTeam "AUT (Österreich)"]
[BlackTeam "FRA (Frankreich)"]
[WhiteTeamCountry "AUT"]
[BlackTeamCountry "FRA"]

1. c4 Nf6 2. g3 d5 3. cxd5 Qxd5 4. Nf3 c6 5. Nc3 Qh5 6. Qb3 Na6 7. d4 Qa5 8.
Ne5 e6 9. Bg2 Nd5 10. Bd2 Qb6 11. Qxb6 Nxb6 12. Nxc6 bxc6 13. Bxc6+ Bd7 14.
Bxa8 Nxa8 15. a3 Nb6 16. e4 Be7 17. Ke2 O-O 18. b4 f5 19. Rhb1 fxe4 20. b5 Nc7
21. a4 Nc4 22. Nxe4 Nd5 23. f4 Rd8 24. Rc1 Nxd2 25. Nxd2 Be8 26. Nb3 Bb4 27.
Rc4 Bf8 28. Nc5 Nb6 29. Rb4 Rc8 30. Rc1 Nxa4 31. Kd1 Nxc5 32. dxc5 Bxc5 33. Re4
Rd8+ 34. Ke1 Bb6 35. Rxe6 Bxb5 36. Re7 h6 37. f5 Kf8 38. Re5 a6 39. Re6 Ba5+
40. Kf2 Kf7 41. g4 Rd2+ 42. Kg3 Rd3+ 43. Kf2 Bd8 44. Rc2 Bh4+ 45. Kg2 Rd7 46.
Kh3 Bf6 47. Kg3 Rb7 48. Kf4 a5 49. Ke4 a4 50. Kd5 a3 51. Re3 Rd7+ 0-1

[Event "Faaker See op 27th"]
[Site "Latschach (13.8.-20.8)"]
[Date "2011.08.14"]
[Round "2.5"]
[White "Hresc, Vladimir"]
[Black "Holzbauer, Johann"]
[Result "1-0"]
[WhiteElo "2408"]
[BlackElo "2066"]
[PlyCount "51"]
[EventDate "2011.08.13"]
[EventType "swiss"]
[EventRounds "9"]
[EventCountry "AUT"]
[WhiteTeam "CRO (Kroatien)"]
[BlackTeam "AUT (Österreich)"]
[WhiteTeamCountry "CRO"]
[BlackTeamCountry "AUT"]

1. e4 e6 2. d4 d5 3. Nd2 b6 4. Ngf3 Nf6 5. e5 Nfd7 6. Bd3 Ba6 7. Nf1 Bxd3 8.
Qxd3 c5 9. c3 Qc8 10. h4 Qa6 11. Qxa6 Nxa6 12. Bd2 h5 13. Ne3 f6 14. exf6 gxf6
15. O-O-O Kf7 16. Kb1 Be7 17. Rhe1 Rhg8 18. g3 Bd6 19. c4 dxc4 20. Nxc4 Bc7 21.
Be3 Rad8 22. dxc5 Ndxc5 23. Nd4 Nb4 24. Nb5 Bb8 25. Bxc5 bxc5 26. Nbd6+ 1-0

[Event "Faaker See op 27th"]
[Site "Latschach (13.8.-20.8)"]
[Date "2011.08.14"]
[Round "2.6"]
[White "Knoblauch, Leonhard"]
[Black "Mladenov, Plamen"]
[Result "1-0"]
[WhiteElo "2065"]
[BlackElo "2107"]
[PlyCount "58"]
[EventDate "2011.08.13"]
[EventType "swiss"]
[EventRounds "9"]
[EventCountry "AUT"]
[WhiteTeam "Ilmmünster SV"]
[BlackTeam "BUL (Bulgarien)"]
[WhiteTeamCountry "GER"]
[BlackTeamCountry "BUL"]

1. e4 c5 2. Nf3 d6 3. d4 Nf6 4. Nc3 cxd4 5. Nxd4 Nc6 6. Bg5 Bd7 7. Qd2 Rc8 8.
f4 Nxd4 9. Qxd4 Qa5 10. Bd3 e5 11. Qf2 Ng4 12. Qg3 d5 13. O-O Bc5+ 14. Kh1 h6
15. f5 Nf2+ 16. Rxf2 Bxf2 17. Qxe5+ Kf8 18. Qe7+ Kg8 19. Qxd7 Rc7 20. Qxd5 Rc5
21. Qd8+ Qxd8 22. Bxd8 Bd4 23. Nd5 Bxb2 24. Rb1 Bd4 25. Rxb7 Kh7 26. Be7 Ra5
27. a3 Re8 28. Bb4 Rxd5 29. exd5 a5 1-0

[Event "Faaker See op 27th"]
[Site "Latschach (13.8.-20.8)"]
[Date "2011.08.14"]
[Round "2.7"]
[White "Guido, Flavio"]
[Black "Pazlar, Marko"]
[Result "0-1"]
[WhiteElo "2388"]
[BlackElo "2059"]
[PlyCount "61"]
[EventDate "2011.08.13"]
[EventType "swiss"]
[EventRounds "9"]
[EventCountry "AUT"]
[WhiteTeam "ITA (Italien)"]
[BlackTeam "SLO (Slowenien)"]
[WhiteTeamCountry "ITA"]
[BlackTeamCountry "SLO"]

1. e4 e6 2. d4 d5 3. e5 c5 4. c3 Nc6 5. Nf3 Bd7 6. Be2 Nge7 7. O-O Ng6 8. Be3
Be7 9. Na3 cxd4 10. cxd4 a6 11. Nc2 Rc8 12. Bd3 O-O 13. Re1 Na5 14. Qe2 Nc4 15.
Bc1 Qb6 16. Rb1 Na5 17. Bd2 Bb5 18. Bxb5 axb5 19. Rec1 b4 20. Qe1 Nc6 21. a3 b3
22. Na1 Nxd4 23. Nxd4 Qxd4 24. Nxb3 Qxe5 25. Be3 Qe4 26. Qd2 Ne5 27. Nc5 Qg6
28. Qe2 b6 29. Na4 b5 30. Qxb5 Ng4 31. Bc5 0-1

[Event "Faaker See op 27th"]
[Site "Latschach (13.8.-20.8)"]
[Date "2011.08.14"]
[Round "2.8"]
[White "Seisenberger, Georg"]
[Black "Kukov, Velislav"]
[Result "0-1"]
[WhiteElo "2014"]
[BlackElo "2377"]
[PlyCount "78"]
[EventDate "2011.08.13"]
[EventType "swiss"]
[EventRounds "9"]
[EventCountry "AUT"]
[WhiteTeam "Ilmmünster SV"]
[BlackTeam "BUL (Bulgarien)"]
[WhiteTeamCountry "GER"]
[BlackTeamCountry "BUL"]

1. d4 d5 2. c4 Nc6 3. cxd5 Qxd5 4. e3 e5 5. Nc3 Bb4 6. Bd2 Bxc3 7. bxc3 Nf6 8.
f3 exd4 9. cxd4 O-O 10. Qb3 Qd6 11. Bc4 Nd7 12. Ne2 Nb6 13. Bd3 h6 14. Bc2 Be6
15. Qd3 g6 16. Bb3 Rfe8 17. e4 Rad8 18. Bc3 Bxb3 19. axb3 a6 20. Qd2 Kh7 21.
O-O Qe7 22. Rfe1 f6 23. Rac1 Qf7 24. Qc2 Rd7 25. d5 Ne7 26. Nd4 Nbc8 27. h4 c6
28. dxc6 bxc6 29. b4 Nd6 30. Nb3 Nb5 31. Nc5 Ra7 32. Ba1 a5 33. bxa5 Rxa5 34.
Qb2 Ng8 35. e5 fxe5 36. Rxe5 Ra2 37. Re7 Nxe7 38. Qb4 Nd5 39. Qg4 Nbc3 0-1